000 00393nam a2200157Ia 4500
008 240729s9999 xx 000 0 und d
022 _a2092-9323
245 0 _aMycobiology
260 _aUnited Kingdom
260 _bTaylor & Francis Group
650 _a Botany
650 _aScience
856 _uhttps://doaj.org/toc/17b96b22c159497c9d79890424c1b2bf
942 _2ddc
942 _cDOAJEJ
999 _c73176
_d73176
945 _a1
_bMadushi Gamage
_c1
_dMadushi Gamage